000 00433nam a2200169Ia 4500
003 0100
005 20150401111620.0
008 130303s9999 xx 000 0 und d
040 _cARRUPELIB
050 _aPR9367.32 1978
245 2 _aA century of south African short stories
260 _aLondon
_bAD. Donker
_c1978
300 _a366p.
300 _b 23 cm.
700 _aMarquard, Jean (ed.)
_916852
942 _2lcc
_cMONOGRAPH
999 _c59436
_d59436